000 00941nam a2200241 i 4500
001 12438
003 ES-MaACL
005 20240301062531.0
008 921211s1989 sp |||| | spa d
020 _a84-7483-521-6
080 _a013=60.03=805.90(064.3)
245 0 3 _aEl libro español en Rumanía
_b: : Biblioteca Nacional, catálogo de la exposición, Madrid, febrero 1989 /
_c[comisario de la exposición, Darie Novãceanu].
260 _aMadrid :
_bDirección General del Libro y Bibliotecas,
_c1989.
300 _a79 p. ;
_c24 cm.
650 1 4 _aLibros españoles-
_xTraducciones al rumano-
_vExposiciones.
_9167933
655 7 _2tgfbne
_9193628
_aCatálogos de exposiciones
700 1 _aNovãceanu, Darie (
_d1937-)
_986048
710 2 _aEspaña.
_bDirección General del Libro y Bibliotecas.
_93788
710 2 _aBiblioteca Nacional (España)
_92188
852 _aES-MaACL
_jL-19721
942 _2udc
999 _c12438
_d12438